000 00554nam a22002297a 4500
003 UA-OsUOA
001 86278
007 ta
008 20120828b un ||||| |||| 00| 0 ukr d
100 _aФучикова Г.
090 _a32:929(437)
_bФ96
942 _cBK
040 _aUA-OsUOA
_brus
_cUA-OsUOA
_dUA-OsUOA
245 _aВоспоминания о Юлиусе Фучике
300 _a425 с.
955 _a4
041 _arus
080 _a32:929(437)
260 _aМ.
_c1968
650 7 _a32 Політика
_2UDC
999 _c372571
_d372571